00600 2200229 4500001002100000005001500021035002000036007000300056008004100059020002200100082001100122084001800133100002200151245007500173250001000248260003200258300002100290700001800311504001600329600001300345990001200358INLIS00000000001724920240926090419 a0010-0924000247ta240926 d 1 ind  a978-602-255-682-4 a303.64 a303.64 LUK p0 aLUKMAN SANTOSO AZ1 apara martin revolusi dunia /clukman santoso az. Editor: utami pratiwi acet.1 ayogyakarta :bpalapa,c2014 a490 hal ;c20 cm0 aUTAMI PRATIWI abibliografi 4aREVOLUSI a11883 a